Harry Potter - Rodzina Weasley'ów - Statystyki

Ogólne statystyki
  • Ten quiz został rozwiązany 693 razy
    685 od ostatniego zresetowania
  • Średni wynik to 8 z 9
Statystyki odpowiedzi
Odpowiedź % Poprawnych
Ron Weasley
99%
Ginny Weasley
98%
Fred Weasley
97%
George Weasley
96%
Molly Weasley
94%
Artur Weasley
92%
Percy Weasley
90%
Bill Weasley
88%
Charlie Weasley
85%
Nie znaleziono quizów pasujących do podanych kryteriów
Rozkład punktacji
Procent ludzi z każdym wynikiem
Percentyl według liczby udzielonych odpowiedzi
Twoja historia wyników
Nie rozwiązałeś tego quizu od ostatniego zresetowania